• 首页
  • 本馆介绍
  • 公告通知
  • 最新文献
  • 馆藏检索
  • 电子资源
  • 读者导购
  • 参考咨询
  • 我的图书馆
  • 登录
  • 详细信息显示
  • 放入我的书架
  • 预约/预借图书
  • 作者相关作品
  • 分类相关作品
  • 丛书相关作品
  • 出版社相关作品

书目信息

  • 表格格式
  • 工作单格式
  • 卡片格式
题名:
纷争与协作
    
 
作者: 沃尔弗斯 , Wolfers 著 ;于铁军 译
分册:  
出版信息: 北京   世界知识出版社  2006
页数: 14,262页
开本: 23cm
丛书名: 国际关系学名著系列
单 册:
中图分类: D5-53
科图分类:
主题词: 国际政治--文集 , 国际政治
电子资源:
ISBN: 7-5012-2685-7
000 01138oam2 2200313 450
001 010700016968
005 20061117092208.93
010    @a7-5012-2685-7@dCNY27.00
100    @a20060218d2006 em y0chiy0110 ea
101 1  @achi@ceng
102    @aCN@b110000
105    @ay z 001yy
200 1  @a纷争与协作@9fen zheng yu xie zuo@e国际政治论集@f(美)阿诺德·沃尔弗斯(Amold Wolfers)著@g于铁军译
210    @a北京@c世界知识出版社@d2006
215    @a14,262页@d23cm
225 2  @a国际关系学名著系列
320    @a有索引
330    @a本书包括16篇论文。所讨论的范围涵盖国际政治中的行为体、国家间的友好与敌对、权力与道德的关系、对外政策的目标与手段、均势的理论与实践、国家安全的虚与实、集体防卫与集体安全等。
461  0 @12001 @a国际关系学名著系列
510 1  @aDiscord and Collaboration Essays on International Politics@zeng
517 1  @a国际政治论集@9guo ji zheng zhi lun ji
606 0  @a国际政治@j文集
606 0  @a国际政治
690    @aD5-53@v4
701  1 @a沃尔弗斯@9wo er fu si@bA.@4著
701  1 @aWolfers@bAmold@4著
702  0 @a于铁军@9yu tie jun@4译
801  0 @aCN@bRENTIAN@c20061117
905    @a10447@dD5-53@e138
    
    纷争与协作:国际政治论集/(美)阿诺德·沃尔弗斯(Amold Wolfers)著/于铁军译.-北京:世界知识出版社,2006
    14,262页;23cm.-(国际关系学名著系列)
    
    
    ISBN 7-5012-2685-7:CNY27.00
    本书包括16篇论文。所讨论的范围涵盖国际政治中的行为体、国家间的友好与敌对、权力与道德的关系、对外政策的目标与手段、均势的理论与实践、国家安全的虚与实、集体防卫与集体安全等。
●
相关链接 在E读中查询图书 在五车中查询图书 在当当中查询图书 在豆瓣中查询图书


正题名:纷争与协作     索取号:D5-53/138         预约/预借

序号 登录号 条形码 馆藏地/架位号 状态 备注
1 0389468   203894688   第一样本阅览室/ [索取号:D5-53/138] 在馆    
2 0389469   203894697   第一借阅区/ [索取号:D5-53/138] 在馆    
3 0389470   203894704   第一借阅区/ [索取号:D5-53/138] 在馆    
4 0389471   203894713   第一借阅区/ [索取号:D5-53/138] 在馆    
5 0389472   203894722   第一借阅区/ [索取号:D5-53/138] 在馆    
唐山师范学院图书馆 欢迎您!
大连网信软件有限公司© 版权所有